The perfect pet for you! / story by Estelle Laure ; pictures by Amy Hevron.
This picture book that encourages self-reflection, human individuality and animal friendship follows a sweet, thoughtful girl as she learns all about how a pet can make things perfect.
Record details
- ISBN: 9780063025998
- ISBN: 006302599X
- Physical Description: 1 volume (unpaged) : color illustrations ; 27 cm
- Edition: First edition.
- Publisher: New York, NY : Harper, an imprint of HarperCollinsPublishers, [2021]
Search for related items by subject
| Subject: | Pets > Juvenile literature. Human-animal relationships > Juvenile literature. Pets. Human-animal relationships. Picture books. Human-animal relationships. Pets. |
| Genre: | Juvenile works. Picture books. Picture books. |
Available copies
- 1 of 1 copy available at scottsboropl.
Holds
- 0 current holds with 1 total copy.
Show Only Available Copies
| Location | Call Number / Copy Notes | Barcode | Shelving Location | Status | Due Date |
|---|---|---|---|---|---|
| scottsboropl | E Lau | 32269001179475 | Juvenile - Easy | Available | - |
| LDR | 01885cam a2200469Ii 4500 | ||
|---|---|---|---|
| 001 | 157057 | ||
| 003 | SBPL | ||
| 005 | 20211207211902.0 | ||
| 008 | 210917s2021 nyua a 000 0 eng d | ||
| 040 | . | ‡aNjBwBT ‡beng ‡erda ‡cJBL ‡dJBL ‡dOCLCQ ‡dOCLCO ‡dYDX ‡dBDX ‡dWAN ‡dUAP ‡dOCLCF | |
| 019 | . | ‡a1226397375 | |
| 020 | . | ‡a9780063025998 ‡q(lib. bdg.) | |
| 020 | . | ‡a006302599X ‡q(lib. bdg.) | |
| 035 | . | ‡a(OCoLC)1268333763 ‡z(OCoLC)1226397375 | |
| 050 | 1 | 4. | ‡aSF416.2 ‡b.L38 2021 |
| 082 | 0 | 4. | ‡a636.088/7 ‡223/eng/20210910 |
| 100 | 1 | . | ‡aLaure, Estelle, ‡eauthor. |
| 245 | 1 | 4. | ‡aThe perfect pet for you! / ‡cstory by Estelle Laure ; pictures by Amy Hevron. |
| 250 | . | ‡aFirst edition. | |
| 264 | 1. | ‡aNew York, NY : ‡bHarper, an imprint of HarperCollinsPublishers, ‡c[2021] | |
| 300 | . | ‡a1 volume (unpaged) : ‡bcolor illustrations ; ‡c27 cm | |
| 336 | . | ‡atext ‡btxt ‡2rdacontent | |
| 336 | . | ‡astill image ‡bsti ‡2rdacontent | |
| 337 | . | ‡aunmediated ‡bn ‡2rdamedia | |
| 338 | . | ‡avolume ‡bnc ‡2rdacarrier | |
| 520 | . | ‡aThis picture book that encourages self-reflection, human individuality and animal friendship follows a sweet, thoughtful girl as she learns all about how a pet can make things perfect. | |
| 650 | 0. | ‡aPets ‡vJuvenile literature. | |
| 650 | 0. | ‡aHuman-animal relationships ‡vJuvenile literature. | |
| 650 | 1. | ‡aPets. | |
| 650 | 1. | ‡aHuman-animal relationships. | |
| 650 | 1. | ‡aPicture books. | |
| 650 | 7. | ‡aHuman-animal relationships. ‡2fast ‡0(OCoLC)fst00963482 | |
| 650 | 7. | ‡aPets. ‡2fast ‡0(OCoLC)fst01059908 | |
| 655 | 7. | ‡aJuvenile works. ‡2fast ‡0(OCoLC)fst01411637 | |
| 655 | 7. | ‡aPicture books. ‡2fast ‡0(OCoLC)fst01726789 | |
| 655 | 7. | ‡aPicture books. ‡2lcgft | |
| 700 | 1 | . | ‡aHevron, Amy, ‡eillustrator. |
| 938 | . | ‡aBrodart ‡bBROD ‡n128274638 | |
| 938 | . | ‡aYBP Library Services ‡bYANK ‡n17148507 | |
| 029 | 1 | . | ‡aAU@ ‡b000069698613 |
| 994 | . | ‡aZ0 ‡bMWL | |
| 948 | . | ‡hNO HOLDINGS IN MWL - 166 OTHER HOLDINGS | |
| 901 | . | ‡a157057 ‡b ‡c157057 ‡tbiblio | |